Interpersonálna komunikácia v organizáciách a filozofia jej hodnotenia

Etymológia slova komunikácia. Problematika interpersonálnej komunikácie v organizáciách. Dve stratégie zdokonaľovania interpersonálnej komunikácie. Interné a externé faktory, ktoré majú vplyv na intenzitu využívania otvorenosti a spätnej väzby v organizácii. Filozofia hodnotenia interpersonálnej kom...

Description complète

Enregistré dans:
Détails bibliographiques
Auteur principal: Drličková, Eva
Format: Chapitre de livre
Langue:slovaque
Sujets:
Tags: Ajouter un tag
Pas de tags, Soyez le premier à ajouter un tag!

MARC

LEADER 00000naa$a2200000$$$4500
001 0021336
005 20231106081650.4
041 0 |a slo 
044 |a SK 
245 1 0 |a Interpersonálna komunikácia v organizáciách a filozofia jej hodnotenia  |c Eva Drličková 
520 |a Etymológia slova komunikácia. Problematika interpersonálnej komunikácie v organizáciách. Dve stratégie zdokonaľovania interpersonálnej komunikácie. Interné a externé faktory, ktoré majú vplyv na intenzitu využívania otvorenosti a spätnej väzby v organizácii. Filozofia hodnotenia interpersonálnej komunikácie v organizáciách so zreteľom na vplyv externých a interných faktorov. 
610 2 0 |a komunikácia interpersonálna 
610 2 0 |a komunikácia externá 
610 2 0 |a komunikácia firemná 
610 2 0 |a komunikácia interná 
610 2 0 |a filozofia 
610 2 0 |a manažment 
100 1 |a Drličková, Eva